Presentations at Conferences. How to give a talk at a Conference /

Salvato in:
Dettagli Bibliografici
Autore principale: Robinson, Barrie (Autore)
Natura: Libro
Lingua:inglese
Pubblicazione: Bratislava : STU v Bratislave, 1991
Soggetti:
Tags: Aggiungi Tag
Nessun Tag, puoi essere il primo ad aggiungerne!!

MARC

LEADER 00000nam a22000003a 4500
001 stu31332
005 20150617225735.9
008 931021s1991----xo------------------eng-d
020 |a 80-227-0367-2 
040 |a STU  |b slo 
041 0 |a eng 
044 |a xo 
080 |a 802.0(042) 
100 1 |a Robinson, Barrie  |4 aut 
245 1 |a Presentations at Conferences. How to give a talk at a Conference /  |c [aut.] Robinson,Barrie 
260 |a Bratislava :  |b STU v Bratislave,  |c 1991 
300 |a 31 s 
650 7 |a Rétorika anglická  |2 stusub 
996 |b 284J006445  |c J*2297-2  |l JJSK  |s A  |a 24  |w stu31332_0001 
996 |b 284J006446  |c J*2297-3  |l JJSK  |s A  |a 24  |w stu31332_0002 
996 |b 284J006447  |c J*2297-4  |l JJSK  |s A  |a 24  |w stu31332_0003 
996 |b 284J006448  |c J*2297-5  |l JJSK  |s A  |a 24  |w stu31332_0004 
996 |b 284J006444  |c J*2297-1  |l JJSK  |s A  |a 24  |w stu31332_0005 
996 |b 284J014785  |c J*87857  |l JJSK  |s A  |a 24  |w stu31332_0006 
996 |b 284J014784  |c J*87856  |l JJSK  |s A  |a 24  |w stu31332_0007